Orlando Bloom Movies - Statistics

General Stats
  • This quiz has been taken 508 times
    507 since last reset
  • The average score is 8 of 20
Answer Stats
Year Movie % Correct
2003 Pirates of the Caribbean: The Curse of the Black Pearl
87%
2002 The Lord of the Rings: The Two Towers
86%
2001 The Lord of the Rings: The Fellowship of the Ring
82%
2003 The Lord of the Rings: The Return of the King
82%
2006 Pirates of the Caribbean: Dead Man's Chest
79%
2007 Pirates of the Caribbean: At World's End
77%
2004 Troy
44%
2005 Elizabethtown
43%
2005 Kingdom of Heaven
39%
2011 The Three Musketeers
29%
2004 The Calcium Kid
25%
2001 Black Hawk Down
20%
2003 Ned Kelly
17%
2011 The Good Doctor
13%
2004 Haven
12%
2009 New York, I Love You
12%
1997 Wilde
10%
2010 Main Street
9%
2006 Love and Other Disasters
7%
2010 Sympathy for Delicious
6%
No matching quizzes found
Score Distribution
Percent of People with Each Score
Percentile by Number Answered
Your Score History
You have not taken this quiz since the last reset